Statistics for Random Knowledge Quiz #39

Click here to take the quiz!

General Stats

  • This quiz has been taken 111 times
  • The average score is 8 of 15

Answer Stats

QuestionAnswer% Correct
And what does B.C. stand for?Before Christ
98%
What is the opposite of carnivore?Herbivore
89%
What disorder do you have if you have trouble falling and/or staying asleep?Insomnia
83%
Which country has islands named Erikoussa, Antipaxos, Petalas, Salamina, and Spetses to name a few?Greece
78%
What is the full name of BBC?British Broadcasting Corporation
77%
The year 1 B.C. is followed by what?1 A.D.
70%
Who was dubbed the 'Virgin Queen'?Queen Elizabeth I
65%
Finish these lyrics: Oops, you think I'm in love / That I'm sent from above / I'm not that...Innocent
51%
What are Remy, Ratigan, Roderick, and Roddy St. James?Rats
47%
What is the busiest airport in the world?Atlanta Hartsfield-Jackson Intl Apt
46%
Based on number of employees, what is the largest company in the world (2023)?Walmart
43%
If the police are New York's Finest, what are fire fighters?New York's Bravest
26%
How old was J.R.R. Tolkien when Return of the King was published?63
23%
What is the leader in a herd of elephants called?The matriarch
12%
As of 2023, who is the only Finnish person to win the Nobel Peace Prize?Martti Ahtisaari
5%

Score Distribution

Percentile by Number Answered

Percent of People with Each Score

Your Score History

You have not taken this quiz